| 000 | 01144nam a2200229Ia 4500 | ||
|---|---|---|---|
| 003 | OSt | ||
| 005 | 20200908123037.0 | ||
| 008 | 191128s2011 ck gr 000 0dspa d | ||
| 020 | _a9789585719408 | ||
| 040 |
_aCO-JMCR _cCO-JMCR |
||
| 041 | 0 | _aspa | |
| 082 | 0 | 4 |
_a378.110711 / _bF652e _223 |
| 110 | 1 |
_aFondo de Desarrollo de la Educación Superior(FODESEP) _99940 |
|
| 245 | 1 | 3 |
_aLa Educación superior de calidad…¡ cuesta! : _bModelo prospectivo de análisis de inversiones, costos y financiación de la oferta para una educación superior con estandares de calidad, cobertura y pertinencia en Colombia, a 2020 / _cFondo de Desarrollo de la Educación Superior |
| 260 |
_aBogotá : _bFodesep, _c2011. |
||
| 300 |
_a258 páginas ; _c28 cm. |
||
| 504 | _aBibliografía : páginas 256-258. | ||
| 505 | 0 | _aContexto de la educación en Colombia -- Recolección y preparación de información -- Metas del Ministerio de Educación Nacional -- Metodología -- Simulación de cupos del Sena -- Estimación de estudiantes Ceres | |
| 650 | 2 | 4 |
_aEducación _zColombia _99941 |
| 650 | 2 | 4 |
_aEstudiantes y profesores _zColombia _99942 |
| 942 |
_2ddc _cBK |
||
| 999 |
_c6024 _d6024 |
||